La Pinacoteca invita a VD. a l'exposició del gran artista Martí i Alsina : 1826 + 1894 1826 + 1894
Descripción Física:
full plegat ; 15 x 11 cm
Materias:
Fons Joan Junyer i Pascual (1909-1994)
; Art -- Exposicions
; Art -- Catàlegs
; Galeries d'art -- Catàlegs
Idioma:
Catalán
MARC
| LEADER | 00000nam a2200000 a 4500 | ||
|---|---|---|---|
| 001 | 24905 | ||
| 003 | AGDB | ||
| 005 | 20260324181543.0 | ||
| 008 | 260113b spa||||| |||| 00| 0 cat d | ||
| 040 | |a agdb |b cat | ||
| 041 | |a cat | ||
| 110 | |a La Pinacoteca (Barcelona, Catalunya) |e institució d'acollida |9 72929 | ||
| 245 | |a La Pinacoteca invita a VD. a l'exposició del gran artista Martí i Alsina : |b 1826 + 1894 | ||
| 260 | |a Barcelona : |b La Pinacoteca, |c [s.a.] | ||
| 300 | |a full plegat ; |c 15 x 11 cm | ||
| 500 | |a Prové del fons Joan Junyer i Pascual (1909-1994) | ||
| 500 | |a Catàleg de l'exposició celebrada a La Pinacoteca, Barcelona, del 27 de novembre al 10 de desembre (any desconegut) | ||
| 650 | |a Fons Joan Junyer i Pascual (1909-1994) |9 72777 | ||
| 650 | 0 | |a Art |x Exposicions |2 Arxiu |9 43798 | |
| 650 | 0 | |a Art |x Catàlegs |9 26592 | |
| 650 | 0 | |a Galeries d'art |x Catàlegs |9 72877 | |
| 942 | |2 udc |c ARXIU |n 1 | ||
| 952 | |0 0 |1 0 |2 udc |4 0 |6 F504331 |7 1 |9 98926 |a Arxiu |b Arxiu |d 2026-01-13 |l 0 |o F-504-331 |p 24905 |r 2026-01-13 10:55:21 |w 2026-01-13 |y ARXIU | ||
| 999 | |c 130594 |d 130594 | ||